<?xml version="1.0" encoding="UTF-8"?>
<record
    xmlns:xsi="http://www.w3.org/2001/XMLSchema-instance"
    xsi:schemaLocation="http://www.loc.gov/MARC21/slim http://www.loc.gov/standards/marcxml/schema/MARC21slim.xsd"
    xmlns="http://www.loc.gov/MARC21/slim">

  <leader>00776nam a2200229 a 4500</leader>
  <controlfield tag="001">000043615</controlfield>
  <controlfield tag="005">20201002044859.0</controlfield>
  <controlfield tag="008">140331s1970    sp            000 0 spa d</controlfield>
  <datafield tag="040" ind1=" " ind2=" ">
    <subfield code="a">DO-SdBNP</subfield>
    <subfield code="b">spa</subfield>
    <subfield code="c">BNPHU</subfield>
  </datafield>
  <datafield tag="082" ind1=" " ind2=" ">
    <subfield code="a">922.22</subfield>
    <subfield code="b">D285s</subfield>
  </datafield>
  <datafield tag="100" ind1="1" ind2=" ">
    <subfield code="a">De &#xC1;vila, Santa</subfield>
    <subfield code="d">1515-1582</subfield>
    <subfield code="9">71427</subfield>
  </datafield>
  <datafield tag="245" ind1="1" ind2="0">
    <subfield code="a">Su vida /</subfield>
    <subfield code="c">Santa Teresa de Jes&#xFA;s; pr&#xF3;logo Carlos Prieto Garc&#xED;a.</subfield>
  </datafield>
  <datafield tag="246" ind1="1" ind2="2">
    <subfield code="a">Libro de su vida</subfield>
  </datafield>
  <datafield tag="260" ind1=" " ind2=" ">
    <subfield code="a">Madrid :</subfield>
    <subfield code="b">Libra,</subfield>
    <subfield code="c">1970.</subfield>
  </datafield>
  <datafield tag="300" ind1=" " ind2=" ">
    <subfield code="a">213 p. ;</subfield>
    <subfield code="c">17 cm.</subfield>
  </datafield>
  <datafield tag="490" ind1="1" ind2=" ">
    <subfield code="a">Purpura</subfield>
    <subfield code="v">9</subfield>
  </datafield>
  <datafield tag="600" ind1="1" ind2="4">
    <subfield code="a">&#xC1;VILA, TERESA DE,</subfield>
    <subfield code="c">SANTA</subfield>
    <subfield code="d">1515-1582</subfield>
    <subfield code="x">BIOGRAF&#xCD;AS</subfield>
    <subfield code="9">71428</subfield>
  </datafield>
  <datafield tag="650" ind1=" " ind2="4">
    <subfield code="a">Santos cristianos</subfield>
    <subfield code="z">Espa&#xF1;a</subfield>
    <subfield code="z">&#xC1;vila</subfield>
    <subfield code="x">Biograf&#xED;as</subfield>
    <subfield code="9">71429</subfield>
  </datafield>
  <datafield tag="651" ind1=" " ind2="4">
    <subfield code="a">&#xC1;vila</subfield>
    <subfield code="z">Espa&#xF1;a</subfield>
    <subfield code="x">Biograf&#xED;as</subfield>
    <subfield code="9">71430</subfield>
  </datafield>
  <datafield tag="700" ind1="1" ind2="2">
    <subfield code="a">Prieto Garc&#xED;a, Carlos</subfield>
    <subfield code="e">prol.</subfield>
    <subfield code="9">71431</subfield>
  </datafield>
  <datafield tag="830" ind1=" " ind2="0">
    <subfield code="a">Purpura</subfield>
    <subfield code="n">9</subfield>
    <subfield code="9">71432</subfield>
  </datafield>
  <datafield tag="952" ind1=" " ind2=" ">
    <subfield code="0">0</subfield>
    <subfield code="1">0</subfield>
    <subfield code="5">0</subfield>
    <subfield code="7">1</subfield>
    <subfield code="8">MO</subfield>
    <subfield code="a">GR</subfield>
    <subfield code="b">GR</subfield>
    <subfield code="c">CT</subfield>
    <subfield code="d">2014-03-31</subfield>
    <subfield code="i">LF1</subfield>
    <subfield code="l">0</subfield>
    <subfield code="o">922.22 D285s</subfield>
    <subfield code="p">43615-10</subfield>
    <subfield code="r">2020-06-25</subfield>
    <subfield code="w">2020-06-25</subfield>
    <subfield code="y">1</subfield>
    <subfield code="Z">No se presta</subfield>
  </datafield>
  <datafield tag="999" ind1=" " ind2=" ">
    <subfield code="c">43104</subfield>
    <subfield code="d">43104</subfield>
  </datafield>
</record>
